Responses for Show #9134 - Thursday, June 27, 2024

Drew Basile game 7.

Contestants

[<< previous game]

Jayaker Kolli, a medical student from Austin, Texas

Luke Hemphill, a family business owner from Poulsbo, Washington

Drew Basile, a graduate student from Birmingham, Michigan (whose 6-day cash winnings total $111,601)

[next game >>]

Jeopardy! Round responses

INSPIRED BY SHAKESPEARE
SCIENCE
WHOSE WHAT?
IT STARTS WITH "Y"
YOU SAY YOU WANT AN INDUSTRIAL REVOLUTION
WE ALL WANT TO CHANGE THE WORLD
    $200 25
West Side Story

Jayaker
    $200 30
gravity

Drew
    $200 26
St. Patrick's Day

Luke
    $200 27
(Drew: Uh, what are Yahoos? [*].)
(Ken: That's not correct.)
...
(Ken: Unfortunately, the website is singular.)
[Originally ruled incorrect; reversed before Double Jeopardy! as Drew corrected himself in time]

Yahoo

Drew
    $200 29
steam

Jayaker
    $200 28
Carter

Luke
    $400 4
Hamlet

Luke
    $400 24
stem cells

Drew
    $400 22
Martha's Vineyard

Drew
    $400 14
yesteryear

Luke
    $400 23
a loom

Luke
    $400 11
Suffrage

Jayaker
    $600 1
King Lear

Drew
    $600 12
photons

Drew
    $600 9
(Ken: Yeah, the Lincoln assassination.)

Ford's Theater

Jayaker
    $600 5
yakitori

Drew
    $600 21
cholera

Jayaker
    $600 20
(Jayaker: What is the mountaintop?)
...
(Ken: He's been to the mountaintop, but he's seen [*].)

the Promised Land

Jayaker
Triple Stumper
    $1,000 2
(Drew: Hmm, I always get it confused... um, what is As You Like It?)
(Ken: Sorry, no, Bea and Ben would be Beatrice and Benedick in [*].)

Much Ado About Nothing

Drew
    $800 7
the mantle

Drew
    $800 17
a Rubik's Cube

Jayaker
    $800 6
a yellowhammer

Jayaker
    $800 10
bamboo

Jayaker
    $800 19
Florence Nightingale

Drew
    $1000 3
Twelfth Night

Drew
    $1000 13
string theory

Jayaker
    $1000 16
Angela's Ashes

Triple Stumper
    $1000 8
yerba-maté

Jayaker
    $1000 18
a blast furnace

Triple Stumper
    $1000 15
Father Damien

Luke

Scores at the first commercial break (after clue 15):

Drew Luke Jayaker
$2,600 $1,800 $4,600

Scores at the end of the Jeopardy! Round:

Drew Luke Jayaker
$4,600 $2,600 $5,800

Double Jeopardy! Round responses

HISTORIANS
WORLD CITIES
GETTING ARTY
THE U.S. SENATE
HALLS OF FAME
CROSSWORD CLUES: ANTONYMS
    $400 24
Armenians

Jayaker
    $400 22
Zurich

Luke
    $400 14
Rembrandt

Luke
    $400 30
standing committees

Jayaker
    $400 29
cowgirls

Jayaker
    $400 28
nimble

Drew
    $800 23
David McCullough

Luke
    $800 10
(Jayaker: What is Warsaw?)

Berlin

DrewJayaker
    $800 13
an installation

Drew
    $800 25
Inouye

Jayaker
    $800 26
a muskellunge

Triple Stumper
    $800 27
mercurial

Jayaker
    $1200 5
War

Triple Stumper
    $1200 1
Clyde

Jayaker
    $1200 6
manifesto

Luke
    $1200 21
navy bean soup

Triple Stumper
    $1200 17
(Jayaker: What is Akron?)

Canton

LukeJayaker
    $1200 7
a Francophile

Drew
    $2,000 2
(Jayaker: Uh, what is York?)

Plantagenet

Jayaker
    $1600 3
Medellin

Drew
    $1600 11
Matisse

Drew
    $1600 19
(John Nance) Garner

Luke
    $1600 15
Bernstein

Luke
    $1600 8
gregarious

Triple Stumper
    $2000 18
(Luke: Who is LBJ?)

Doris Kearns Goodwin

Luke
Triple Stumper
    $2000 4
Botswana

Drew
    $4,000 12
(Drew: I'm not sure about my pronunciation, but is it [*]?)

bas-relief

Drew
    $2000 20
the sergeant at arms

Triple Stumper
    $2000 16
Toby Keith

Drew
    $2000 9
staid

Jayaker

Scores at the end of the Double Jeopardy! Round:

Drew Luke Jayaker
$19,000 $7,800 $7,800
(lock game)

[wagering suggestions for these scores]

Final Jeopardy! Round responses

BUSINESSMEN
[Jayaker's response was revealed first.]
(Ken: [To Jayaker] The governor of Kentucky making him an honorary Kentucky colonel in 1935.)
...
(Ken: [To Drew] Was he thinking about [*]? No, that response is not looking finger-licking good, I'm afraid.)
LukeWho is Li
$7,000
JayakerWho is Colonel Sanders?
$0
DrewWho is Morgan?
$1,000
Colonel Sanders

Final scores:

Drew Luke Jayaker
$18,000 $800 $7,800
7-day champion: $129,601 3rd place: $2,000 2nd place: $3,000

Game dynamics:

Coryat scores:

Drew Luke Jayaker
$18,000 $7,800 $9,800
19 R
(including 1 DD),
1 W
(including 1 DD)
13 R,
1 W
17 R,
4 W
(including 1 DD)

Combined Coryat: $35,600

[game clues] [game scores] [suggest correction]

Game tape date: 2024-05-14
The J! Archive is created by fans, for fans. Scraping, republication, monetization, and malicious use prohibited; this site may use cookies and collect identifying information. See terms. The Jeopardy! game show and all elements thereof, including but not limited to copyright and trademark thereto, are the property of Jeopardy Productions, Inc. and are protected under law. This website is not affiliated with, sponsored by, or operated by Jeopardy Productions, Inc. Join the discussion at JBoard.tv.